1496 1555 1448 1557 1741 1390 1738 1641 1514 1956 1996 1532 1853 1307 1307 1241 1927 1991 1155 1990 1346 1099 1315 1673 1024 1896 1058 1511 1229 1053 1598 1340 1092 1900 1879 1143 1268 1308 1983 1413 1609 1027 1737 1579 1357 1503 1928 1480 1172 1268 1268 1275 1654 1120 1565 1644 1842 1842 1210 1545 1053 1522 1890 1001 1381 1112 1681 1185 1972 1971 1839 1710 1285 1259 1973 1062 1851 1008 1585 1803 1280 1615 1303 1295 1106 1811 1880 1626 1072 1660 1689 1072 1306 1280 1090 1857 1998 1331 1273 BCNSPRNW ULIB Ver.6.0+V

เปลี่ยนเป็นภาษาไทย

Change to English
 แสดงรายละเอียดบรรณานุกรม
  กลับหน้าหลัก

Brief Record : Get Marc (ISO 2709) : E-mail record : QR code < ปิดหน้าต่าง
LEADER : 00000nam 2200000uu 4500
001    13399114897
003     ULIB
008    120619s2553||||th 000 0 tha d
020    ^a9789747293876
050  4 ^aBF637.S8^bอ598ด ล.2
100 0  ^aอาจอง ชุมสาย ณ อยุธยา
245 10 ^aด้วยรักบันดาล...นิทานสีขาว เล่ม2/^cเล่าเรื่องโดย อาจอง ชุมสาย ณ อยุธยา ;สุพัตรา แซ่ลิ่ม เรียบเรียง ;[บรรณาธิการ อิศวเรศ ตโมนุท]
250    ^aพิมพ์ครั้งที่ 8
260    ^aกรุงเทพฯ :^bฟรีมายด์,^c2553
300    ^a229 หน้า :^bภาพประกอบ
650  4 ^aนิทานสอนใจ
650  4 ^aการดำเนินชีวิต
650  4 ^aความสำเร็จ
650  4 ^aนิทานคติธรรม
700 0  ^aสุพัตรา แซ่ลิ่ม
700 0  ^aอิศวเรศ ตโมนุท,^eบรรณาธิการ
945    ^p185^l0^i032059
995    ^aเกษร
999    ^aใช้งานได้ทุกระบบ
รายการนี้ยังไม่มีแท็ก
คุณยังไม่ได้ล็อกอิน คุณสามารถมีกิจกรรมร่วมกับเว็บไซต์ได้ แต่ต้องล็อกอินก่อน ::
  ล็อกอิน

รายการสื่อสารสนเทศ

ลำดับที่ ประเภท เลขเรียก/บาร์โค้ด สถานที่ สถานะ
- ไม่พบข้อมูล -

รายการใกล้เคียง
    ผู้แต่ง [อาจอง ชุมสาย ณ อยุธยา]

    หัวเรื่อง [นิทานสอนใจ]
    หัวเรื่อง [การดำเนินชีวิต]
    หัวเรื่อง [ความสำเร็จ]
    หัวเรื่อง [นิทานคติธรรม]

BibComment


ยังไม่เคยถูกคอมเมนท์

คอมเมนท์ทรัพยากรรายการนี้
  คอมเมนท์: ด้วยรักบันดาลนิท..


 Copyright 2026. Bcnsprnw @Library